Misteri ekspress SL20

Bibliographic Details
Main Author: Nur Shamsiah On , 1973-
Format: Book
Published: Kuala Lumpur : Blue-T Publication Sdn. Bhd. , 2012
Series:Siri kembara Mia & Kia
Subjects:

MARC

LEADER 00000cam a2200000 7i4500
001 0000185607
005 20150121.0
020 |a 9789674031725 
090 0 0 |a JF   |b NUR 
100 0 |a Nur Shamsiah On ,   |d 1973- 
245 1 0 |a Misteri ekspress SL20   |c Nur Shamsiah On 
260 |a Kuala Lumpur :   |b Blue-T Publication Sdn. Bhd. ,   |c 2012 
300 |a 156p. :   |b ill. ;   |c 17cm. 
490 0 |a Siri kembara Mia & Kia 
650 0 |a Children's stories, Malay 
999 |a 00300665   |b BUKU   |c PINJAMAN   |e PERPUSTAKAAN KOMUNITI PETALING JAYA 
999 |a 00300666   |b BUKU   |c PINJAMAN   |e PERPUSTAKAAN KOMUNITI CAW KOTA DAMANSARA 
999 |a 00300667   |b BUKU   |c PINJAMAN   |e PERPUSTAKAAN KOMUNITI CAW TAMAN MEDAN 
999 |a 00300939   |b BUKU   |c PINJAMAN   |e PERPUSTAKAAN KOMUNITI CAW KOTA DAMANSARA 
999 |a 00300940   |b BUKU   |c PINJAMAN   |e PERPUSTAKAAN KOMUNITI CAW KOTA DAMANSARA 
999 |a 00318910   |b BUKU   |c PINJAMAN   |e PERPUSTAKAAN KOMUNITI PETALING JAYA 
999 |a 00318911   |b BUKU   |c PINJAMAN   |e MOBILE LIBRARY PKPJ 
999 |a 00318912   |b BUKU   |c PINJAMAN   |e MOBILE LIBRARY PKPJ